000 00703nam a22002177a 4500
003 UA-OsUOA
001 108615
007 ta
008 20141103b un ||||| |||| 00| 0 ukr d
100 _aВласенко В.
090 _a32
_bВ58
942 _cSA
040 _aUA-OsUOA
_bukr
_cUA-OsUOA
_dUA-OsUOA
245 _aЧого слід чекати від ЄС. Геополітика. Європарламент затвердив склад нової Єврокомісії, яка працюватиме у Брюсселі наступні п'ять років
300 _aС.3
955 _a0
041 _aukr
080 _a32
773 0 _w108614
650 7 _a32 Політика
_2UDC
999 _c394614
_d394614